[Event "BL2-N9394"]
[Site "Germany"]
[Date "1994.??.??"]
[Round "?"]
[White "Darnstaedt, Frank"]
[Black "Hargens, Thomas"]
[Result "1/2-1/2"]
[WhiteElo "2345"]
[BlackElo "2280"]

1.e4 g6 2.d4 Bg7 3.Nc3 d6 4.Nf3 c6 5.h3 b5 6.a3 a6 7.Be2 Nf6 8.O-O O-O 9.Bg5 h6
10.Be3 Qc7 11.e5 Nd5 12.Nxd5 cxd5 13.Qd2 Kh7 14.a4 bxa4 15.Rxa4 Nd7 16.exd6 exd6
17.Ra5 Bb7 18.Rfa1 Qb6 19.b3 Nf6 20.Bd3 Ra7 21.R1a4 Rfa8 22.Qb4 Qc7 23.Bf4 Bf8
24.Nd2 Bc6 25.Ra1 Bb5 26.c4 Bc6 27.c5 dxc5 28.dxc5 Qc8 29.Qa3 Nd7 30.b4 Be7
31.Qb3 Qb7 32.Rb1 Bf6 33.Bf1 Nf8 34.Bd6 Ne6 35.Qf3 Kg7 36.Qg3 Re8 37.Be5 Bxe5
38.Qxe5+ Kg8 39.Qd6 Nd4 40.Kh2 Raa8 41.Qf4 Ne2 42.Qxh6 d4 43.Nc4 Nc3 44.Nd6 Qb8
45.Bc4 Bd5 46.Bxd5 Nxd5 47.Rd1 Qxb4 48.Nxe8 Rxe8 49.Rxa6 Qxc5 50.Qd2 Qb5
51.Ra5 Qb8+ 52.g3 Nc3 53.Re1 Rd8 54.Qd3 Qb2 55.Kg1 Kg7 56.Ra7 Rd6 57.Rae7 Rf6
58.Rf1 Rd6 59.Rfe1 Rf6 60.Rf1 Rd6 61.Kh2 Qb4 62.Rc7 Qa5 63.Re7 Qd5 64.Rfe1 Qa2
65.Kg1 Qb2  1/2-1/2

[Event "BL2-N9394"]
[Site "Germany"]
[Date "1994.??.??"]
[Round "?"]
[White "Ehrke, Anja"]
[Black "Lanzendoerfer, Johannes"]
[Result "1/2-1/2"]
[WhiteElo "2190"]
[BlackElo "2230"]

1.e4 g6 2.d4 Bg7 3.Nc3 d6 4.f4 Nc6 5.Be3 Nf6 6.Nf3 O-O 7.Bd3 e5 8.fxe5 dxe5
9.d5 Ne7 10.Bg5 h6 11.Bh4 Nh5 12.Qd2 Bd7 13.O-O-O Qe8 14.Bc4 Nc8 15.Ne2 Nd6
16.Bd3 f5 17.Nc3 b5 18.Rde1 f4 19.Bf2 Rf7 20.Qe2 Bf8 21.Nd2 a6 22.g3 Nb7
23.Rhg1 Bc5 24.Bxc5 Nxc5 25.gxf4 Nxf4 26.Qe3 Qe7 27.Nf3 Nb7 28.Ne2 Kh7 29.Nxf4 Rxf4
30.Rg3 Raf8 31.Reg1 R8f6 32.Be2 Nd6 33.Nd2 Nf7 34.Bg4 Ng5 35.h4 Nf7 36.c3 Nd6
37.Qc5 Bxg4 38.Rxg4 Qf7 39.Qe3 Qd7 40.R4g2 Rxh4 41.Qg3 Rh5 42.Qe3 Rh3 43.Qe2 Rh4
44.Qe1 Rhf4 45.Rh1 Qf7 46.Qe3 Rf1+ 47.Rxf1 Rxf1+ 48.Kc2 Rf4 49.Rh2 h5 50.Qa7 Nc4
51.Nxc4 bxc4 52.d6 cxd6 53.Qxa6 d5 54.b3 Rf2+ 55.Rxf2 Qxf2+ 56.Kc1 Qe1+ 57.Kb2 Qxe4
58.bxc4 dxc4 59.a4 h4 60.Qe6 Qb7+ 61.Kc1 Qh1+ 62.Kb2 Qh2+ 63.Ka3 Qf4 64.a5 Qg3
65.Kb4 h3 66.Qd5 Qg2 67.Qxe5 Kh6 68.Qh8+ Kg5 69.Qe5+ Kg4 70.Qd4+ Kf3 71.Qd1+ Kf2
72.Qd2+ Kg1 73.Qe1+ Qf1 74.Qg3+ Qg2 75.Qe1+  1/2-1/2

[Event "BL2-N9394"]
[Site "Germany"]
[Date "1994.??.??"]
[Round "?"]
[White "Engelbert, Christoph"]
[Black "Ditt, Egon"]
[Result "1-0"]
[WhiteElo "2240"]
[BlackElo "2275"]

1.e4 g6 2.d4 Bg7 3.Nc3 d6 4.Be3 c6 5.Nf3 Nf6 6.h3 O-O 7.a4 a5 8.Be2 Qc7 9.O-O Na6
10.Nd2 Nb4 11.f4 d5 12.e5 Ne8 13.Ncb1 f6 14.c3 Na6 15.Na3 Bh6 16.Nf3 Ng7
17.g4 fxe5 18.Nxe5 Ne8 19.Qd2 Bg7 20.Bd3 Nd6 21.Rae1 e6 22.h4 c5 23.Nb5 Nxb5
24.axb5 cxd4 25.Bxd4 Nc5 26.Bc2 Nd7 27.h5 Nxe5 28.Bxe5 Bxe5 29.fxe5 Rxf1+
30.Rxf1 Bd7 31.hxg6 hxg6 32.Qh6 Qxe5 33.Bxg6  1-0

[Event "BL2-N9394"]
[Site "Germany"]
[Date "1994.??.??"]
[Round "?"]
[White "Schulz, Rainer"]
[Black "Wittke, Martin"]
[Result "1-0"]
[WhiteElo "2245"]
[BlackElo "2220"]

1.d4 g6 2.e4 Bg7 3.Nc3 d6 4.Nf3 a6 5.a4 b6 6.Bc4 e6 7.Bg5 Ne7 8.O-O h6 9.Be3 Bb7
10.Bb3 Nd7 11.Qe2 Qb8 12.Nd2 Qa7 13.a5 Qb8 14.axb6 cxb6 15.Qg4 Qc7 16.f4 b5
17.f5 Nf6 18.Qe2 gxf5 19.d5 e5 20.exf5 Nexd5 21.Nxd5 Nxd5 22.Ne4 Nxe3 23.Qxe3 Qc6
24.f6 Bf8 25.Rae1 d5 26.Nf2 Bd6 27.Qh3 a5 28.Nd3 e4 29.Nf4 Bxf4 30.Rxf4 a4
31.Ba2 Qxc2 32.Qf5 Qc5+ 33.Kh1 Qd4 34.Rc1 Rd8 35.Rc7 Ba8 36.Re7+ Kf8 37.Qh5 Rh7
38.h3 Qxb2 39.Qf5 Rh8 40.Rg4 Qxa2 41.Rxf7+ Kxf7 42.Rg7+ Kf8 43.Qe6  1-0

[Event "BL2-O9394"]
[Site "Germany"]
[Date "1994.??.??"]
[Round "?"]
[White "Becker, Michael"]
[Black "Kunze, Carlo"]
[Result "1/2-1/2"]
[WhiteElo "2305"]
[BlackElo "2335"]

1.e4 g6 2.d4 Bg7 3.Nc3 d6 4.Nf3 Nf6 5.h3 O-O 6.Be3 Nbd7 7.Qd2 c6 8.Bd3 e5
9.O-O Qc7 10.Rad1 a6 11.Rfe1 b5 12.Bh6 Bb7 13.Bxg7 Kxg7 14.Bf1 Rfe8 15.a3 Rad8
16.dxe5 dxe5 17.Qe3 Nf8 18.Rxd8 Rxd8  1/2-1/2

[Event "BL2-O9394"]
[Site "Germany"]
[Date "1994.??.??"]
[Round "?"]
[White "Linker, Torsten"]
[Black "Buchal, Stephan"]
[Result "0-1"]
[WhiteElo "2290"]
[BlackElo "2340"]

1.e4 g6 2.d4 Bg7 3.Nc3 d6 4.Be3 a6 5.a4 Nf6 6.f3 Nc6 7.Qd2 e5 8.Nge2 exd4
9.Nxd4 O-O 10.O-O-O Nxd4 11.Bxd4 b5 12.a5 c5 13.Bxf6 Qxf6 14.Qxd6 Be6 15.Qxc5 Rfc8
16.Qe3 b4 17.Na4 Qe5 18.Bd3 Qxa5 19.Nb6 Bc3 20.bxc3 bxc3 21.Na4 Qxa4 22.Qb6 Qa1+  0-1

[Event "BL2-O9394"]
[Site "Germany"]
[Date "1994.??.??"]
[Round "?"]
[White "Niedermaier, Hans"]
[Black "Buchal, Stephan"]
[Result "1-0"]
[WhiteElo "2215"]
[BlackElo "2340"]

1.e4 g6 2.d4 Bg7 3.Nc3 d6 4.f4 Nc6 5.Bb5 a6 6.Bxc6+ bxc6 7.Nf3 Nf6 8.O-O Bb7
9.Qe2 a5 10.Re1 Ba6 11.Qf2 Qd7 12.h3 Rb8 13.b3 O-O 14.Bd2 Bb7 15.a4 c5 16.Rad1 cxd4
17.Nxd4 e5 18.fxe5 dxe5 19.Nf3 Qe6 20.Qc5 Qb6 21.Be3 Qb4 22.Qxb4 axb4 23.Nd5 Nxd5
24.exd5 Rfd8 25.Ba7 Ra8 26.Bc5 Rxd5 27.Rxd5 Bxd5 28.Nxe5 Re8 29.Nd3 Rxe1+
30.Nxe1 Bc3 31.Nd3 Be4 32.a5 f5 33.a6 Kf7 34.Kf1 Ke6 35.Bxb4 Bxd3+ 36.cxd3 Bd4
37.Ke2 Kd7 38.Kf3 Kc6 39.Ba5 Bb6 40.Bd2 Kb5 41.Kf4 Kxa6 42.Kg5 Kb5 43.Kh6 f4
44.Bxf4 Kb4 45.Kxh7 Kxb3 46.Be5 c5 47.Kxg6 Kc2 48.h4 Kxd3 49.h5 c4 50.g4 c3
51.Bxc3 Kxc3 52.h6 Kd3 53.h7 Bd4 54.Kf7  1-0

[Event "BL2-O9394"]
[Site "Germany"]
[Date "1994.??.??"]
[Round "?"]
[White "Zunker, Reinhard"]
[Black "Kunze, Carlo"]
[Result "1/2-1/2"]
[WhiteElo "2270"]
[BlackElo "2335"]

1.e4 g6 2.d4 Bg7 3.Nc3 d6 4.Be3 Nf6 5.f3 c6 6.g4 Qb6 7.a3 Nbd7 8.h4 h5 9.g5 Nh7
10.Bf2 e5 11.d5 c5 12.b4 a6 13.Na4 Qc7 14.c4 O-O 15.Qb3 b6 16.Nh3 f6 17.Rg1 fxg5
18.Nxg5 Nxg5 19.hxg5 Kh7 20.Nb2 Rb8 21.Rc1 Qd8 22.Be2 Rf7 23.b5 a5 24.Kd1 Rb7
25.Kc2 Nf8 26.Rg3 Kg8 27.Rh1 Nh7 28.Be3 Rf8 29.Qd3 Kf7 30.Qd2 Ke8 31.Nd3 Re7
32.Ne1 Kd7 33.Ng2 Rff7 34.f4 exf4 35.Nxf4 Nf8 36.Bd3 Be5 37.Rf3 Kc7 38.Rhf1 Bg4
39.R3f2 Qd7 40.Ne2 Nh7 41.Qe1 Bh3 42.Rxf7 Rxf7 43.Rxf7 Qxf7 44.Ng1 Bd7 45.Bd2 Bc8
46.Ne2 Qf3 47.Ng1  1/2-1/2

[Event "BL2-S9394"]
[Site "Germany"]
[Date "1994.??.??"]
[Round "?"]
[White "Dutschak, Hauke"]
[Black "Gerigk, Erasmus"]
[Result "1-0"]
[WhiteElo "2305"]
[BlackElo "2270"]

1.e4 g6 2.d4 Bg7 3.Nc3 d6 4.Bg5 a6 5.f4 b5 6.Be2 Bb7 7.Bf3 b4 8.Nce2 Nd7
9.Qd2 Ngf6 10.Ng3 a5 11.f5 Qb8 12.N1e2 c5 13.c3 Qc7 14.Rc1 Rc8 15.h4 d5 16.e5 Ne4
17.Bxe4 dxe4 18.Qe3 Qb6 19.O-O h6 20.Bf4 Ba6 21.Qxe4 Bb7 22.d5 c4+ 23.Kh1 e6
24.fxe6  1-0

[Event "BL2-S9394"]
[Site "Germany"]
[Date "1994.??.??"]
[Round "?"]
[White "Kraut, Rainer"]
[Black "Sokolov, Andrei"]
[Result "1/2-1/2"]
[WhiteElo "2420"]
[BlackElo "2555"]

1.e4 g6 2.d4 Bg7 3.Nc3 d6 4.f4 c6 5.Nf3 Nd7 6.Be3 Qb6 7.Rb1 f5 8.exf5 gxf5
9.Ng5 Ndf6 10.Be2 h6 11.Bh5+ Kf8 12.Nf7 Rh7 13.Bg6 Be6 14.Ne5 dxe5 15.fxe5 Ng4
16.Bg1 Rh8 17.Qf3 Nxe5 18.dxe5 Qa5 19.Bd4 Bxe5 20.b4 Qc7 21.Bxf5 Bxd4 22.Bxe6+ Nf6
23.Ne2 Qe5 24.Bb3 Rd8 25.Rd1 Ke8  1/2-1/2

[Event "BL2-S9394"]
[Site "Germany"]
[Date "1994.??.??"]
[Round "?"]
[White "Mohrlok, Dieter"]
[Black "Ostl, Andreas"]
[Result "1/2-1/2"]
[WhiteElo "2415"]
[BlackElo "2345"]

1.e4 d6 2.d4 g6 3.Nc3 Bg7 4.g3 Nd7 5.Bg2 e5 6.Nge2 Ne7 7.O-O O-O 8.Be3 f5
9.f4 fxe4 10.dxe5 Nf5 11.Bc1 dxe5 12.Nxe4 c6 13.Qd3 Qb6+ 14.Kh1 exf4 15.Rxf4 Nc5  1/2-1/2

[Event "BL9394 (Women)"]
[Site "Germany"]
[Date "1994.??.??"]
[Round "?"]
[White "Zatulovskaya, Tatiana"]
[Black "Hund, Isabel"]
[Result "0-1"]
[WhiteElo "2170"]
[BlackElo "2140"]

1.e4 d6 2.d4 g6 3.Nc3 Bg7 4.Nf3 Nf6 5.Be2 O-O 6.O-O c6 7.a4 e5 8.dxe5 dxe5
9.Nxe5 Nxe4 10.Nxe4 Bxe5 11.Bh6 Qh4 12.f4 Qxh6 13.fxe5 Qe3+ 14.Nf2 Qxe5 15.Nd3 Qc7
16.Kh1 Nd7 17.Qd2 Nb6 18.a5 Nc4 19.Qg5 Re8 20.Nf4 Qe5 21.Qh6 Ne3 22.Bd3 Nxf1
23.Rxf1 Be6 24.b4 Rad8 25.h3 Rd4 26.c3 Rxf4 27.Qxf4 Qxc3 28.Kh2 Bd5 29.Bb1 Qe5
30.Qxe5 Rxe5 31.Rf2 Kg7 32.Rb2 a6 33.Bd3 Re3 34.Bb1 Bc4 35.g4 Re2+ 36.Rxe2 Bxe2
37.g5 f6 38.h4 h6 39.gxh6+ Kxh6 40.Kg3 Kh5 41.Be4 Kh6 42.Bg2 Kh5 43.Be4 g5
44.hxg5 Kxg5 45.Bc2 Bg4 46.Be4 f5 47.Bg2 f4+ 48.Kf2 Kf6 49.Ke1 Ke5 50.Kd2 Kd4
51.Bf1 Be6 52.Kc2 f3  0-1

[Event "Oberliga Nord O9394"]
[Site "Germany"]
[Date "1994.??.??"]
[Round "?"]
[White "Schmidt, Wolfgang3"]
[Black "Impris, Oleg"]
[Result "0-1"]
[WhiteElo "2355"]
[BlackElo "2345"]

1.e4 d6 2.d4 g6 3.Nc3 Bg7 4.f4 Nd7 5.Nf3 c6 6.Be3 e5 7.dxe5 dxe5 8.f5 Nb6
9.Bd3 Qe7 10.Qd2 Nf6 11.O-O-O Bd7 12.h3 gxf5 13.exf5 e4 14.Rde1 Bxf5 15.g4 Be6
16.Bxb6 axb6 17.Bxe4 Nxe4 18.Nxe4 Bxb2+ 19.Kb1 Bxa2+ 20.Kxb2 Qa3+  0-1

[Event "BL2-S9394"]
[Site "Germany"]
[Date "1994.??.??"]
[Round "?"]
[White "Solomunovic, Igor"]
[Black "Ostl, Andreas"]
[Result "1-0"]
[WhiteElo "2330"]
[BlackElo "2345"]

1.e4 d6 2.d4 g6 3.Nc3 Bg7 4.Nf3 Bg4 5.Be3 e6 6.Qd2 Bxf3 7.gxf3 d5 8.h4 h5
9.exd5 exd5 10.Bh3 c6 11.Bg5 f6 12.Be3 Nd7 13.Ne2 Ne7 14.Rg1 Kf7 15.O-O-O Nf8
16.Rde1 Qb6 17.Nf4 Re8 18.Re2 f5 19.Nd3 Ne6 20.c3 Qa6 21.Kb1 Bf6 22.Bg5 Nxg5
23.hxg5 Bg7 24.Nc5 Qb6 25.Ne6 Nc8 26.Rge1 Bf8 27.Bxf5 gxf5 28.g6+ Kg8 29.Nxf8  1-0

[Event "BL2-S9394"]
[Site "Germany"]
[Date "1994.??.??"]
[Round "?"]
[White "Syska, Albert"]
[Black "Vonthron, Horst"]
[Result "0-1"]
[WhiteElo "2290"]
[BlackElo "2355"]

1.e4 g6 2.d4 Bg7 3.Nc3 d6 4.Be3 c6 5.Qd2 b5 6.f3 Nd7 7.a4 b4 8.Nd1 a5 9.Bd3 Ngf6
10.Bh6 O-O 11.Ne2 e5 12.Bxg7 Kxg7 13.O-O d5 14.c3 Qb6 15.Kh1 Ba6 16.Nf2 Bxd3
17.Qxd3 Rad8 18.Qc2 Rfe8 19.f4 b3 20.Qb1 exf4 21.e5 Nh5 22.Nh3 f6 23.exf6+ Ndxf6
24.Nexf4 Nxf4 25.Nxf4 c5 26.Qd3 cxd4 27.cxd4 Re4 28.Ra3 Rde8 29.Rxb3 Qxd4
30.Rb7+ Kg8 31.Qxd4 Rxd4 32.h3 Ne4 33.Ne2 Rd2 34.Rff7 Nd6 35.Rfe7 Rxe2  0-1

[Event "BL2-S9394"]
[Site "Germany"]
[Date "1994.??.??"]
[Round "?"]
[White "Tompa, Janos"]
[Black "Seret, Jean Luc"]
[Result "1/2-1/2"]
[WhiteElo "2450"]
[BlackElo "2445"]

1.e4 g6 2.d4 Bg7 3.Nc3 d6 4.Be2 a6 5.f4 Nd7 6.Be3 b5 7.Qd2 Bb7 8.Bf3 Nb6
9.b3 b4 10.Nd1 Nf6 11.Nf2 a5 12.Rd1 d5 13.e5 Ne4 14.Bxe4 dxe4 15.Ne2 f5 16.exf6 exf6
17.f5 Nd5 18.O-O Qe7 19.c4 bxc3 20.Nxc3 Nxc3 21.Qxc3 Bd5 22.Qc5 c6 23.Rd2 Bf8
24.Qc2 a4 25.bxa4 Qa3 26.Re2 gxf5 27.Nd1 Rxa4 28.Rxf5 Be7 29.Rxd5 cxd5 30.Qc8+ Bd8
31.Qc6+ Kf7 32.Qxd5+ Kg7 33.Qd7+ Kg6 34.Qg4+ Kf7 35.Qxe4 Qd6 36.Qb7+ Kg6
37.Qb1+ Kg7 38.Nc3 Rb4 39.Qe1 Re8 40.g3 Bb6 41.Bh6+ Kxh6 42.Rxe8 Bxd4+ 43.Kf1 Be5
44.Qe3+ Kg6 45.Rg8+ Kf7 46.Rh8 Kg7 47.Re8 Rd4 48.Ne2 Ra4 49.Rg8+ Kxg8 50.Qb3+ Kg7
51.Qxa4 Qd5  1/2-1/2

[Event "BL2-S9394"]
[Site "Germany"]
[Date "1994.??.??"]
[Round "?"]
[White "Treffert, Peter"]
[Black "Roth, Juergen"]
[Result "1-0"]
[WhiteElo "2285"]
[BlackElo "2255"]

1.e4 d6 2.d4 g6 3.Nc3 Bg7 4.f4 Nf6 5.Nf3 O-O 6.Be3 Nc6 7.Be2 Ng4 8.Bg1 e5
9.d5 Ne7 10.h3 Nh6 11.fxe5 dxe5 12.Qd2 f6 13.Be3 Nf7 14.g4 a6 15.O-O-O b5
16.a3 Rb8 17.Kb1 Bd7 18.Bc5 Nd6 19.Rdg1 a5 20.Bxd6 cxd6 21.Na2 Qb6 22.c3 Qc5
23.h4 h6 24.Rg2 Nc8 25.Ne1 Nb6 26.Nc2 Nc4 27.Bxc4 Qxc4 28.Qe3 Kh7 29.h5 g5
30.Rd1 Rf7 31.Qd3 Qxd3 32.Rxd3 Bf8 33.Ne3 Be7 34.Rf2 Bd8 35.Nf5 Bb6 36.Rff3 Bc5
37.b4 Bxf5 38.Rxf5 Bb6 39.Rf1 Rc8 40.Rdf3 Kg7 41.Kc2 Bd8 42.Kd3 Ra8 43.Rb1 axb4
44.Nxb4 Rxa3 45.Nc2 Ra5 46.Ne3 Bc7 47.Rf2 Bb8 48.Rfb2 Rb7 49.Nf5+ Kh7 50.Rb3 Kh8
51.Nxh6 Kh7 52.Nf5 Kh8 53.R3b2 Kh7 54.Kc2 Kh8 55.c4 Ra4 56.Rxb5 Rxc4+ 57.Kd3 Rxb5
58.Rxb5 Rc8 59.Rb7 Rf8 60.Ne7  1-0

[Event "BL2-W9394"]
[Site "Germany"]
[Date "1994.??.??"]
[Round "?"]
[White "Balzar, Andreas"]
[Black "Haub, Thorsten Michael"]
[Result "1/2-1/2"]
[WhiteElo "2330"]
[BlackElo "2315"]

1.e4 g6 2.d4 Bg7 3.Nc3 d6 4.h4 h6 5.Be3 a6 6.Qd2 Nd7 7.O-O-O b5 8.h5 g5 9.f4 gxf4
10.Bxf4 Nb6 11.Nf3 Nf6 12.e5 Nfd5 13.Nxd5 Nxd5 14.Bd3 Be6 15.g3 Qd7 16.Be4 O-O-O
17.Kb1 Qc6 18.Qd3 Qc4 19.Qxc4 bxc4 20.c3 Rdg8 21.Nh4 Bf8 22.Rdg1 Kd7 23.Bd2 c6
24.exd6 exd6 25.Nf5 Nf6 26.Bc2 Ng4 27.Re1 d5 28.Rhf1 c5 29.Bf4 cxd4 30.Nxd4 Bc5
31.Nxe6 fxe6 32.Re2 Bd6 33.Bg6 Rf8 34.Rfe1 e5 35.Bd2 Rf3 36.b3 cxb3 37.axb3 Rhf8
38.Rg1 e4 39.Bf4 Rxc3 40.Kb2 Rd3 41.Ra1 Bxf4 42.gxf4 Rxf4 43.Rxa6 Rdf3 44.Rd2 Rf2
45.Rxf2 Rxf2+ 46.Kc3 e3 47.Bd3 Nf6 48.Kd4 Nxh5 49.Kxe3 Rf6 50.Rxf6 Nxf6 51.Kf4 Ke6
52.b4 Ne8 53.b5 Nd6 54.b6 Nb7 55.Ba6 Nc5 56.Bc8+ Kd6 57.b7 Na6 58.Kg4 d4
59.Kh5 Kc7 60.Kxh6 Nc5 61.Kg5 Nxb7 62.Bxb7 Kxb7 63.Kf4  1/2-1/2

[Event "BL9394 (Women)"]
[Site "Germany"]
[Date "1994.??.??"]
[Round "?"]
[White "Barthel, Bergit"]
[Black "Ramseier, Jana S"]
[Result "0-1"]
[WhiteElo "2065"]
[BlackElo "2115"]

1.e4 g6 2.d4 Bg7 3.Nc3 d6 4.Be3 Nf6 5.f3 c6 6.Qd2 O-O 7.O-O-O b5 8.Bd3 e5
9.dxe5 dxe5 10.g4 Be6 11.h4 Qa5 12.b3 Qa3+ 13.Kb1 a5 14.h5 a4 15.Qc1 Qb4
16.a3 Qxc3 17.b4 Bb3 18.Ne2 Bxc2+ 19.Bxc2 Qc4 20.Ng3 Na6 21.Qb2 Rfb8 22.Nf5 gxf5
23.gxf5 h6 24.Qxe5 Ng4 25.f6 Nxe5  0-1

[Event "NRW-Liga I 9394"]
[Site "Germany"]
[Date "1994.??.??"]
[Round "?"]
[White "Stillger, Bernhard"]
[Black "Nautsch, Werner"]
[Result "1-0"]
[WhiteElo "2195"]
[BlackElo "2300"]

1.e4 g6 2.d4 Bg7 3.Nc3 d6 4.f4 Nc6 5.Be3 Nf6 6.Nf3 O-O 7.Qd2 Bg4 8.Be2 e6
9.h3 Bxf3 10.Bxf3 d5 11.e5 Nd7 12.O-O-O Na5 13.b3 b6 14.h4 c5 15.h5 cxd4
16.Bxd4 Rc8 17.Ne2 Qe7 18.Kb1 Rc7 19.Bb2 Rfc8 20.Nd4 a6 21.hxg6 fxg6 22.Nxe6 Rxc2
23.Qxd5 Rxb2+ 24.Kxb2 Nc4+ 25.Ka1 Ndxe5 26.Nxg7+  1-0

[Event "NRW-Liga I 9394"]
[Site "Germany"]
[Date "1994.??.??"]
[Round "?"]
[White "Gallinnis, Norbert"]
[Black "Belov, Igor"]
[Result "1/2-1/2"]
[WhiteElo "2275"]
[BlackElo "2450"]

1.e4 d6 2.d4 g6 3.Nc3 Bg7 4.Be3 c6 5.Qd2 b5 6.f3 Nd7 7.g4 Nb6 8.Bd3 Nf6 9.g5 Nfd7
10.h4 Bb7 11.h5 Rg8 12.hxg6 hxg6 13.f4 Qc7 14.Rh7 a6 15.a4 b4 16.Nce2 a5
17.c4 c5 18.d5 O-O-O 19.Nf3 Nf8 20.Rh4 e6 21.Nh2 f5 22.gxf6 Bxf6 23.Rh3 Qe7
24.Ng4 Rh8 25.Rxh8 Bxh8 26.Bf2 Nfd7 27.Qc2 e5 28.f5 gxf5 29.exf5 Rg8 30.Ne3 Nf6
31.Ng3 e4 32.Nxe4 Nxe4 33.Bxe4 Bxb2 34.Qxb2 Qxe4 35.Qf6 Re8 36.Qxd6 Nd7 37.O-O-O Qf3
38.Rd2 Rxe3 39.Bxe3 Qxe3 40.Qe6 Qc3+ 41.Kd1 Qa1+ 42.Ke2 Qh8 43.Rd3 Kc7  1/2-1/2

[Event "Oberliga Nord N9495"]
[Site "Germany"]
[Date "1994.??.??"]
[Round "?"]
[White "Upleger, Martin"]
[Black "Rostalski, Walter"]
[Result "1/2-1/2"]
[WhiteElo "2245"]
[BlackElo "2270"]

1.e4 g6 2.d4 Bg7 3.Nc3 d6 4.Nf3 Nf6 5.h3 O-O 6.Be3 c6 7.a4 Qc7 8.Bc4 Nxe4
9.Nxe4 d5 10.Bb3 dxe4 11.Ng5  1/2-1/2

[Event "Giessen Feb-IM"]
[Site "Giessen"]
[Date "1994.??.??"]
[Round "11"]
[White "Roeberg, Frank"]
[Black "Haub, Thorsten Michael"]
[Result "1/2-1/2"]
[WhiteElo "2310"]
[BlackElo "2315"]

1.e4 g6 2.d4 Bg7 3.Nc3 d6 4.Bc4 e6 5.f4 Ne7 6.Nf3 d5 7.Bb3 Nbc6 8.e5 Na5
9.O-O h5 10.g3 Nf5 11.Ne2 Bd7 12.c3 Nc4 13.Bxc4 dxc4 14.d5 O-O 15.dxe6 Bxe6
16.Ned4 Nxd4 17.Nxd4 Bg4 18.Qe1 Re8 19.Qe4 c6 20.Be3 Kh7 21.Nf3 Qd3 22.Rf2 f6
23.Qxd3 cxd3 24.Bd4 fxe5 25.Ng5+ Kg8 26.fxe5 Bxe5 27.Bxe5 Rxe5 28.Nf7 Re2
29.Nh6+ Kg7 30.Nxg4 hxg4 31.Rxe2 dxe2 32.Re1 Re8 33.Kf2 Kf6 34.Rxe2  1/2-1/2

[Event "Goch op"]
[Site "Goch"]
[Date "1994.??.??"]
[Round "1"]
[White "Zunker, Reinhard"]
[Black "Kistel, Andreas"]
[Result "1-0"]
[WhiteElo "2235"]
[BlackElo "1745"]

1.e4 g6 2.d4 Bg7 3.Nc3 d6 4.Be3 c6 5.Qd2 Nd7 6.f3 e5 7.h4 h6 8.O-O-O Qc7
9.Kb1 Ne7 10.h5 g5 11.g4 Nf6 12.dxe5 dxe5 13.Bc5 Be6 14.Bd6 Qa5 15.Bxe7 Kxe7
16.Nd5+  1-0

[Event "Goch op"]
[Site "Goch"]
[Date "1994.??.??"]
[Round "1"]
[White "Link, Michael"]
[Black "Komhard, Oliver"]
[Result "1-0"]
[WhiteElo "2280"]
[BlackElo "1755"]

1.e4 d6 2.d4 g6 3.Nc3 Bg7 4.Nf3 Nf6 5.Be2 O-O 6.O-O e5 7.Be3 Nc6 8.Qd2 Ng4
9.Bg5 f6 10.Bh4 exd4 11.Nxd4 Nxd4 12.Qxd4 g5 13.Bg3 Kh8 14.Qd2 f5 15.Bxg4 fxg4
16.Rad1 h5 17.f4 h4 18.Be1 gxf4 19.Rxf4 Be6 20.Rxf8+ Bxf8 21.Qf2 Be7 22.Nd5 h3
23.Bc3+ Kh7 24.Qd4 Bf8 25.Qh8+  1-0

[Event "Goch op"]
[Site "Goch"]
[Date "1994.??.??"]
[Round "6"]
[White "Jankovskis, Guntis"]
[Black "Polzin, Rainer"]
[Result "0-1"]
[WhiteElo "2330"]
[BlackElo "2395"]

1.e4 g6 2.d4 Bg7 3.Nc3 d6 4.f4 Nd7 5.Nf3 a6 6.a4 e6 7.Bd3 Ne7 8.O-O c5 9.dxc5 Nxc5
10.Qe1 O-O 11.Be3 f5 12.Bxc5 dxc5 13.e5 Nd5 14.g3 Nb4 15.Qe2 Nxd3 16.Qxd3 Qxd3
17.cxd3 Rd8 18.Rfd1 Bf8 19.a5 Bd7 20.Na4 Bxa4 21.Rxa4 Rd5 22.Kf2 Be7 23.h4 Rad8
24.Ke2 h6 25.Rc4 R8d7 26.d4 Kf7 27.Rd2 cxd4 28.Rdxd4 Rxd4 29.Nxd4 g5 30.hxg5 hxg5
31.b4 g4 32.Kd3 Bf8 33.Kc3 Be7 34.Nb3 Rd1 35.Rc7 Rg1 36.Nd4 Rxg3+ 37.Kd2 Rg2+
38.Ne2 Rf2 39.Rxb7 Rf3 40.Nd4 Rxf4 41.Nc6 g3 42.Ke3 g2 43.Kxf4 g1=Q 44.Rxe7+ Kf8
45.Rxe6 Qg4+ 46.Ke3  0-1

[Event "Goch op"]
[Site "Goch"]
[Date "1994.??.??"]
[Round "7"]
[White "Pioch, Thomas"]
[Black "Evers, Leo"]
[Result "1-0"]
[WhiteElo "2165"]
[BlackElo "1895"]

1.e4 g6 2.d4 Bg7 3.Nc3 d6 4.Be2 Nf6 5.Nf3 O-O 6.O-O c6 7.Re1 b5 8.a3 a6 9.e5 dxe5
10.Nxe5 Nfd7 11.Nf3 Nb6 12.Bf4 N8d7 13.Qd2 Nf6 14.Ne5 Bb7 15.Rad1 Nbd5 16.Nxd5 Nxd5
17.Bh6 Qc7 18.Bxg7 Kxg7 19.Bf3 Rad8 20.Nd3 Nb6 21.Nc5 Rfe8 22.Re4 Nc4 23.Qc1 Nd6
24.Re5 Nc4 25.Re4 Nd6 26.Nxb7 Qxb7 27.Re5 Nf5 28.c3 Rd6 29.g3 Qd7 30.Rde1 Rf6
31.Bg2 Rd6 32.Bh3 e6 33.Bxf5 gxf5 34.Qg5+ Kh8 35.Qf6+ Kg8 36.g4 Qe7 37.Qxe7 Rxe7
38.gxf5 f6 39.Rxe6 Rdxe6 40.fxe6 Kg7 41.a4 Kg6 42.axb5 axb5 43.Kg2 Kf5 44.Kf3 Rxe6
45.Rxe6 Kxe6 46.Ke4  1-0

[Event "GRE-ch"]
[Site "?"]
[Date "1994.??.??"]
[Round "9"]
[White "Makropoulou, Marina"]
[Black "Skalkotas, Nikolaos"]
[Result "1/2-1/2"]
[WhiteElo "2330"]
[BlackElo "2325"]

1.e4 g6 2.d4 Bg7 3.Nc3 d6 4.Be3 a6 5.Qd2 b5 6.a4 b4 7.Nd1 a5 8.f3 Ba6 9.Ne2 Nd7
10.Nc1 Bxf1 11.Rxf1 c5 12.c3 cxd4 13.cxd4 Ngf6 14.Kf2 O-O 15.Kg1 Nb6 16.b3 Nfd7
17.Ne2 d5 18.Rc1 Rc8 19.Nf2 Rxc1 20.Rxc1 Qa8 21.Nf4 Rc8 22.N4d3 Rc6 23.Nc5 Qc8
24.Nfd3 e6 25.Kf1 Bf8 26.Nxd7 Nxd7 27.Rxc6 Qxc6 28.e5 Be7 29.Ke1 Kf8 30.Qc1 Qxc1+
31.Bxc1  1/2-1/2

[Event "Groningen op"]
[Site "Groningen"]
[Date "1994.??.??"]
[Round "1"]
[White "Rubene, Ilze"]
[Black "Korotylev, Alexey"]
[Result "0-1"]
[WhiteElo "2255"]
[BlackElo "2430"]

1.d4 g6 2.e4 Bg7 3.Nc3 d6 4.h3 Nf6 5.Be3 c6 6.g4 O-O 7.Bg2 e5 8.a4 Nbd7 9.Nge2 d5
10.exd5 Nxd5 11.Nxd5 cxd5 12.O-O e4 13.Nf4 Nf6 14.b3 b6 15.g5 Ne8 16.c4 dxc4
17.bxc4 Ba6 18.Qb3 Nd6 19.Rfc1 Rc8 20.c5 Nf5 21.cxb6 axb6 22.Rxc8 Bxc8 23.Rd1 Qxg5
24.Qxb6 Nh4 25.Kh2 Nxg2 26.Rg1 Qh4 27.Rxg2 Bh6 28.Qc7 Bf5 29.Rg3 Rc8 30.Qe5 Bg7
31.Qd6 Bf8 32.Qe5 Rd8 33.Ng2 Qh5  0-1

[Event "Groningen op"]
[Site "Groningen"]
[Date "1994.??.??"]
[Round "2"]
[White "Adler, Viktor"]
[Black "Nijboer, Friso"]
[Result "1-0"]
[WhiteElo "2405"]
[BlackElo "2510"]

1.e4 d6 2.d4 g6 3.Nc3 Bg7 4.Be3 Nf6 5.Nge2 O-O 6.f3 e5 7.dxe5 dxe5 8.Qxd8 Rxd8
9.Nb5 Na6 10.c3 b6 11.Nc1 Nh5 12.a4 c6 13.Na3 f5 14.Bc4+ Kh8 15.Nd3 fxe4
16.fxe4 Nc7 17.O-O-O Re8 18.Nb4 Bb7 19.a5 bxa5 20.Nd3 Nf6 21.Nc5 Rab8 22.Rhf1 Ng4
23.Bg5 Bc8 24.h3 Nh6 25.Rd6 Nb5 26.Rxc6 Nxa3 27.bxa3 Bb7 28.Rc7 Rbc8 29.Rxg7 Kxg7
30.Bf6+  1-0

[Event "Groningen op2"]
[Site "Groningen"]
[Date "1994.??.??"]
[Round "3"]
[White "Kahn, Manfred"]
[Black "Eppinga, Herbert"]
[Result "0-1"]
[WhiteElo "2265"]
[BlackElo "2120"]

1.e4 d6 2.d4 g6 3.Nc3 Bg7 4.Nf3 Nf6 5.Bg5 h6 6.Bf4 Nh5 7.Be3 Nc6 8.d5 Ne5
9.Nxe5 dxe5 10.Qd2 a6 11.O-O-O Qd6 12.Na4 f5 13.exf5 gxf5 14.Be2 Nf6 15.f3 b6
16.Nc3 Bd7 17.Rhg1 b5 18.g4 b4 19.gxf5 bxc3 20.Qxc3 Bf8 21.f4 Nxd5 22.Bh5+ Kd8
23.Qa5 Nxe3 24.Rxd6 exd6 25.fxe5 Nxf5 26.Qd5 c6 27.Qf7 Be7 28.e6 Rf8 29.Qh7 Bxe6
30.Qg6 Rf6 31.Qg2 Kd7 32.Qd2 c5 33.Qa5 Kc6 34.Bf3+ d5 35.Qa4+ Kd6 36.Qa5 Bd8
37.Qd2 Nd4 38.Bd1 Bc7 39.Qd3 Raf8 40.Qxa6+ Kd7 41.Qa4+ Kd6 42.Qa6+ Nc6 43.Re1 Kd7
44.Rxe6 Rxe6 45.Bg4 Rf6 46.Qb5 Bf4+ 47.Kd1 Kd6 48.Bxe6 Rxe6 49.h3 Re3 50.Qa4 Nd4
51.c3 Ne6 52.Qa6+ Ke5 53.a4 Rxh3 54.a5 Rh1+ 55.Ke2 Rh2+ 56.Kf1 Rxb2 57.Qc8 Rb1+
58.Kg2 Rb2+ 59.Kf1 Ra2 60.a6 d4 61.cxd4+ cxd4 62.Qb8+ Kf6 63.a7 Ra1+ 64.Ke2 Ra2+
65.Kf1 Bxb8 66.axb8=Q Rc2 67.Qh8+ Kg6 68.Qg8+ Kf6 69.Qh8+ Kg6 70.Qg8+ Ng7
71.Ke1 Rc3 72.Kd2 h5 73.Ke2 h4 74.Kf2 Rg3 75.Kf1 h3 76.Kf2 Rg5 77.Qb3 h2
78.Qb1+ Nf5 79.Qh1 Rh5 80.Kf3 Rh3+ 81.Kg4 Rh4+ 82.Kf3 d3 83.Kf2 d2 84.Ke2 Rd4
85.Kd1 Ne3+ 86.Ke2 d1=Q+ 87.Qxd1 Rxd1  0-1

[Event "Groningen op"]
[Site "Groningen"]
[Date "1994.??.??"]
[Round "4"]
[White "Onoprienko, Vladimir"]
[Black "Korotylev, Alexey"]
[Result "1/2-1/2"]
[WhiteElo "2315"]
[BlackElo "2430"]

1.e4 d6 2.d4 g6 3.Nc3 Bg7 4.f4 a6 5.Nf3 b5 6.Bd3 Bb7 7.O-O Nd7 8.e5 c5 9.Be4 Bxe4
10.Nxe4 cxd4 11.e6 fxe6 12.Neg5 Nf8 13.Nxd4 Bxd4+ 14.Qxd4 Nf6 15.Re1 h6 16.Nxe6 Nxe6
17.Rxe6 Kf7 18.Re2 Qd7 19.b3 Qa7 20.Bb2 Rhc8 21.Qxa7 Rxa7 22.Bxf6 Kxf6 23.Rae1 Rc5
24.g4 Rac7 25.Re6+ Kf7 26.R1e2 b4 27.R6e4 a5 28.Kf2 h5 29.Kg3 hxg4 30.Kxg4 Rd5
31.a3 bxa3 32.Ra4 Rc3 33.Rxa3 Rdc5 34.h4 Kf6 35.Ra4 d5 36.Rd4 e6 37.Rdd2 a4
38.bxa4 R3c4 39.Rd3 Rxa4 40.Rde3 Rc6 41.Kf3 Rac4 42.Kg3 Kf7 43.Kg4 Ra4 44.Kg5 Ra1
45.Rg2 Rc5 46.Re5 Rh1 47.Kg4 Rc3 48.h5 gxh5+ 49.Rxh5 Rf1 50.Kg5 Ke7 51.Rh7+ Kd6
52.Ra7 Re3 53.Ra4 Kc5 54.Kg4 d4 55.Rg3 Re4 56.Rf3 Rg1+ 57.Rg3 Rxg3+ 58.Kxg3 Re3+
59.Kf2 Rc3 60.Ra2 Kd5 61.Ra5+ Kc4 62.Re5 Rxc2+ 63.Ke1 Rc1+ 64.Kd2 Rf1 65.Rxe6 Rxf4
66.Rc6+  1/2-1/2